[Event "SRI-ch U14"]
[Site "Nugegoda"]
[Date "2021.03.14"]
[Round "11"]
[White "Kolonne, KA Thisaja Senon"]
[Black "Ashad, Nevan Mishal Mohome"]
[Result "1/2-1/2"]
[WhiteElo "1215"]
[BlackElo "1272"]
[PlyCount "63"]
[EventDate "2021.03.09"]
[EventType "tourn"]
[EventRounds "11"]
[EventCountry "SRI"]
[SourceTitle "CBM 201 Extra"]
[Source "ChessBase"]
[SourceDate "2021.05.31"]
[SourceVersion "1"]
[SourceVersionDate "2021.05.31"]
[SourceQuality "1"]

1. d4 d5 2. c4 c6 3. e3 Nf6 4. Nc3 dxc4 5. Bxc4 Bf5 6. Nf3 e6 7. 0-0 Be7 8. Re1 h6 9. Bd3 Bxd3 10. Qxd3 Nbd7 11. b3 0-0 12. Bb2 c5 13. Ne2 cxd4 14. Qxd4 Qb6 15. Qxb6 Nxb6 16. Ng3 Rac8 17. Rac1 Nbd5 18. a3 Nd7 19. b4 Bf6 20. Bxf6 N7xf6 21. Ne5 Nb6 22. e4 Rfd8 23. f3 Nfd7 24. Nxd7 Nxd7 25. Red1 Nb6 26. Rxd8+ Rxd8 27. Rc7 Rd7 28. Rxd7 Nxd7 29. Kf2 Kf8 30. Ke3 Ke7 31. Kd4 Kd6 32. a4 1/2-1/2